Five Closest Capitals by City - Statistics

General Stats
  • This quiz has been taken 552 times
  • The average score is 29 of 40
Answer Stats
City mi Capital km % Correct
New York City 336 Ottawa 540
96%
Barcelona 314 Madrid 505
94%
New York City 204 Washington 329
90%
New York City 1310 Havana 2108
89%
Minsk 250 Riga 403
85%
Rio de Janeiro 469 Brasilia 754
84%
Cairo 263 Jerusalem 423
84%
Minsk 269 Kiev 433
84%
Hong Kong 505 Taipei 813
84%
Minsk 397 Tallinn 639
82%
Minsk 107 Vilnius 172
82%
Minsk 295 Warsaw 475
81%
Rio de Janeiro 1221 Buenos Aires 1965
80%
Hong Kong 538 Hanoi 866
80%
Rio de Janeiro 1138 Montevideo 1832
80%
New York City 1099 Nassau 1768
80%
Cairo 306 Amman 493
79%
Barcelona 85 Andorra la Vella 136
79%
Barcelona 313 Monaco 503
79%
Cairo 363 Beirut 584
77%
Jeddah 526 Riyadh 847
76%
Hong Kong 702 Manila 1130
74%
Hong Kong 805 Vientiane 1296
74%
Rio de Janeiro 923 Asuncion 1486
72%
Cape Town 815 Pretoria 1311
72%
Cairo 380 Damascus 612
71%
Hong Kong 963 Phnom Penh 1550
68%
Cape Town 790 Windhoek 1271
67%
New York City 1535 Port-au-Prince 2471
65%
Barcelona 464 Bern 747
64%
Jeddah 540 Sana'a 869
63%
Barcelona 324 Algiers 521
61%
Cairo 373 Nicosia 601
60%
Cape Town 783 Gaborone 1260
56%
Jeddah 708 Djibouti 1140
55%
Jeddah 571 Khartoum 919
55%
Cape Town 621 Maseru 999
53%
Rio de Janeiro 1445 Sucre 2326
53%
Cape Town 567 Bloemfontein 912
52%
Jeddah 429 Asmara 690
46%
No matching quizzes found
Score Distribution
Percent of People with Each Score
Percentile by Number Answered
Your Score History
You have not taken this quiz